Normal view
MARC view
- Tabasco
Entry Nombre Geográfico
001 - NÚMERO DE CONTROL
- campo de control: 14976
003 - IDENTIFICADOR DE NUMERO DE CONTROL
- campo de control: UPN
005 - FECHA Y HORA DE LA ÜLTIMA TRANSACCIÓN
- campo de control: 20230531200731.0
008 - DATOS DE LONGITUD FIJA
- campo de control de longitud fija: 230531nn fnznnbaba n ana |d
035 ## - NÚMERO DE CONTROL
- Número de control: UPN10000014984
040 ## - FUENTE DE CATALOGACIÓN
- Lenguaje de catalogación: spa
- Agencia de catalogación original: MX-MxUPN
151 ## - ENCABEZAMIENTO - NOMBRE GEOGRÁFICO
- Nombre geográfico: Tabasco
- Subdivisión general : Descripción y viajes
670 ## - FUENTE EN LA QUE SE LOCALIZARON DATOS
- Cita de la fuente: Escamilla González, G. Lista de encabezamientos de materia, 1978 :
- Información localizada: página 791 (Tabasco -- Descripción y viajes)
902 ## - CATALOGADOR
- Catalogador: MEEG/121096
- Catalogador: VíctorGodínez/310523
